Obras completas

Uloženo v:
Podrobná bibliografie
Hlavní autor: Freud, Sigmund (Autor)
Médium: Kniha
Jazyk:španělština
Vydáno: Buenos Aires Santiago Rueda 1953
Témata:
Tagy: Přidat tag
Žádné tagy, Buďte první, kdo vytvoří štítek k tomuto záznamu!

MARC

LEADER 00000nam a2200000 a 4500
001 UCX0614
003 CL-VaPUC
008 891201e19530000AG |||||||||||||||||spa|d
082 0 4 |a 150.195  |b FRE  |2 21 
100 |a Freud, Sigmund  |e author   |9 307892 
245 1 0 |a Obras completas 
300 |a 22 v 
942 |c BK 
945 |d 19891201 00:00:00 
260 |a Buenos Aires  |b Santiago Rueda  |c 1953 
600 0 |a Freud, Sigmund  |e author   |9 307892 
650 0 |a Psicología   |9 257863 
583 |a last modification  |c 19891201 00:00:00  |k Rodrigo Vera 
999 |c 222158  |d 222156 
952 |0 0  |1 0  |4 0  |6 150_195000000000000_FRE_1953  |7 0  |8 P  |9 216521  |a BIBEDU  |b BIBEDU  |c BIBEDU_PB  |d 2019-11-15  |h v.11  |i 285158K  |o 150.195 FRE 1953  |p 285158K  |r 2024-01-25  |w 2019-11-15  |y BK  |k PSI